The twilight of evolution / (Record no. 5598)
[ view plain ]
| 000 -LEADER | |
|---|---|
| fixed length control field | 00937cam a22002531 4500 |
| 001 - CONTROL NUMBER | |
| control field | 2182084 |
| 003 - CONTROL NUMBER IDENTIFIER | |
| control field | OCoLC |
| 005 - DATE AND TIME OF LATEST TRANSACTION | |
| control field | 20190108104223.0 |
| 008 - FIXED-LENGTH DATA ELEMENTS--GENERAL INFORMATION | |
| fixed length control field | 790416s1963 miu b 000 0 eng |
| 010 ## - LIBRARY OF CONGRESS CONTROL NUMBER | |
| LC control number | 63021471 |
| 035 ## - SYSTEM CONTROL NUMBER | |
| System control number | (OCoLC)2182084 |
| Canceled/invalid control number | (OCoLC)692254651 |
| 040 ## - CATALOGING SOURCE | |
| Original cataloging agency | DLC |
| Language of cataloging | eng |
| Transcribing agency | DLC |
| Modifying agency | BAKER |
| -- | OCLCQ |
| -- | BTCTA |
| -- | OCLCG |
| -- | CWS |
| -- | OCLCQ |
| -- | CIRBC |
| 050 00 - LIBRARY OF CONGRESS CALL NUMBER | |
| Classification number | BL263 |
| Item number | .M6 |
| 082 00 - DEWEY DECIMAL CLASSIFICATION NUMBER | |
| Classification number | 215 |
| Item number | M875T |
| 092 ## - LOCALLY ASSIGNED DEWEY CALL NUMBER (OCLC) | |
| Classification number | 215 |
| Item number | M8762tw |
| 100 1# - MAIN ENTRY--PERSONAL NAME | |
| Personal name | Morris, Henry M. |
| Fuller form of name | (Henry Madison), |
| Dates associated with a name | 1918-2006. |
| 245 14 - TITLE STATEMENT | |
| Title | The twilight of evolution / |
| Statement of responsibility, etc. | by Henry M. Morris. |
| 260 ## - PUBLICATION, DISTRIBUTION, ETC. | |
| Place of publication, distribution, etc. | Grand Rapids : |
| Name of publisher, distributor, etc. | Baker Book House, |
| Date of publication, distribution, etc. | 1963. |
| 300 ## - PHYSICAL DESCRIPTION | |
| Extent | 103 p. ; |
| Dimensions | 20 cm. |
| 504 ## - BIBLIOGRAPHY, ETC. NOTE | |
| Bibliography, etc. note | Includes bibliographical references. |
| 505 0# - FORMATTED CONTENTS NOTE | |
| Formatted contents note | The influence of evolution -- The case against evolution -- The testimony of geologic history -- Water and the word -- The origin of evolution -- The death of evolution. |
| 650 #0 - SUBJECT ADDED ENTRY--TOPICAL TERM | |
| Topical term or geographic name entry element | Evolution |
| General subdivision | Religious aspects. |
| 942 ## - ADDED ENTRY ELEMENTS (KOHA) | |
| Source of classification or shelving scheme | Dewey Decimal Classification |
| Koha item type | Books |
| Withdrawn status | Lost status | Source of classification or shelving scheme | Damaged status | Not for loan | Collection code | Home library | Current library | Shelving location | Date acquired | Cost, normal purchase price | Total Checkouts | Full call number | Barcode | Date last seen | Price effective from | Koha item type |
|---|---|---|---|---|---|---|---|---|---|---|---|---|---|---|---|---|
| Dewey Decimal Classification | Non-fiction | Harvest Mission College | Harvest Mission College | General Stacks | 08.01.2019 | 280.00 | 215 M875T | 006330 | 08.01.2019 | 08.01.2019 | Books |
